01239nam a22002537a 45000010005000000030006000050050017000110080041000280200018000690400029000870500013001160820008001291000025001372450040001622500024002022600035002263000040002615050007003015200569003085210019008775210018008966500031009146500040009454439FISKH20250821134239.0240910b cb ||||| |||| 00| 0 eng d a9780439395625 aFISKHbengcFISKHdFISKH aPZ7.W539 2662 aWeyn, Suzanned1995- aThe bar code tattoo /cSuzanne Weyn aFirst printing 2004 aNew York :bScholastic,c2004. a252 pages :billustrations ;c18cm. aR  aIndividuality vs. conformity. Identity vs. access. Freedom vs. control. The bar code tattoo. The bar code tattoo. Everybody's getting it. It will make your life easier, they say. It will hook you in. It will become your identity. But what if you say no? What if you don't want to become a code? For Kayla, this one choice changes everything. She becomes an outcast in her high school. Dangerous things happen to her family. There's no option but to run ... for her life. Individuality vs. conformity.. Identity vs. access. Freedom vs. control. The bar code tattoo.8 a720 bLexile 8 aR bRaz-Plus  2FictionaFuturevDystopian 2FantasyaAdventurevScience fiction